000 00372nam a2200145Ia 4500
008 230312s9999||||xx |||||||||||||| ||und||
020 _a0-8016-0057-X
082 _a618.3
_bARI-P
100 _aArias;Fernando
245 0 _aPractical Guide to High-Risk Pregnancy and Delivery
260 _bMosby
_aUK
_c1993
300 _a464
650 _aMedical
_vGynaecology
942 _cBK
999 _c4156
_d4156